书目信息 |
| 题名: |
四野1949
|
|
| 作者: | 傅静 , 宣村 , 铁军 著 | |
| 分册: | ||
| 出版信息: | 济南 黄河出版社 2002.01 |
|
| 页数: | 473页 | |
| 开本: | 20cm | |
| 丛书名: | ||
| 单 册: | ||
| 中图分类: | E297.4 | |
| 科图分类: | ||
| 主题词: | 中国人民解放军战争史--zhong guo ren min jie fang jun zhan zheng shi | |
| 电子资源: | ||
| ISBN: | 7-80152-175-7 | |
| 000 | 01031nam0 2200265 450 | |
| 001 | 012008197734 | |
| 005 | 20080422093933.64 | |
| 010 | @a7-80152-175-7@dCNY24.80 | |
| 100 | @a20080421d2002 km y0chiy0120 ea | |
| 101 | 0 | @achi |
| 102 | @aCN@b370000 | |
| 105 | @ay z 000yd | |
| 200 | 1 | @a四野1949@Asi ye 1A4A@f傅静, 铁军, 宣村著@Ffu jing,tie jun,xuan cun zhu |
| 210 | @a济南@c黄河出版社@d2002.01 | |
| 215 | @a473页@d20cm | |
| 314 | @a傅静,山东大学副教授,法学硕士,长期从事中共党史,中国革命史的教学与研究工作,合著有《四野1949》等。 | |
| 330 | @a本书真实地记录了第四野战军的历史,包括“双清别墅的盛会”、“两个统帅部的较量”、“四野主力军”、“长沙和平解放”等。 | |
| 601 | 02 | @a第四野战军@Adi si ye zhan jun@x中国人民解放军战争史@z1949@x史料 |
| 606 | 0 | @a中国人民解放军战争史@Azhong guo ren min jie fang jun zhan zheng shi |
| 690 | @aE297.4@v4 | |
| 701 | 0 | @a傅静@Afu jing@4著 |
| 701 | 0 | @a宣村@Axuan cun@4著 |
| 701 | 0 | @a铁军@Atie jun@4著 |
| 801 | 0 | @aCN@bQSSK@c20080422 |
| 905 | @b20700069-71@dE297.4@eF922@f3 | |
| 四野1949/傅静, 铁军, 宣村著.-济南:黄河出版社,2002.01 |
| 473页;20cm |
| ISBN 7-80152-175-7:CNY24.80 |
| 本书真实地记录了第四野战军的历史,包括“双清别墅的盛会”、“两个统帅部的较量”、“四野主力军”、“长沙和平解放”等。 |
| ● |
| 相关链接 |
|
|
|
正题名:四野1949
索取号:E297.4/F922
 
预约/预借
| 序号 | 登录号 | 条形码 | 馆藏地/架位号 | 状态 | 备注 |
| 1 | 700069 | 207000699 | 社科库509/509社科库 119排2列3层/ [索取号:E297.4/F922] | 在馆 | |
| 2 | 700070 | 207000706 | 社科库509/509社科库 119排2列3层/ [索取号:E297.4/F922] | 在馆 | |
| 3 | 700071 | 207000715 | 社科库509/422社科库 39排2列2层/ [索取号:E297.4/F922] | 在馆 |